Kárne konanie podľa advokátskeho poriadku a právo na súdnu ochranu

Bibliographic Details
Main Author: Benedik, Marek (Author)
Format: Article
Language:Slovak

MARC

LEADER 00000nab a2200000uu 4500
001 vtls011505176
003 SK-MaSNL
005 20260303112248.0
008 230121|2000 xo |||||||||||||||||slo|
015 |a SNBRB 
035 |a (urnnbn)urn:nbn:sk:snk:ar-a0and3 
035 |a (uuid)11f18170-2049-4853-8584-9724386de567 
035 |a urn:nbn:sk:snk-abdynk 
040 |a SNKBUCL  |b slo  |c SNKBUCL  |e AACR2 
041 0 |a slo 
044 |a xo  |c SK 
100 1 |a Benedik, Marek  |4 aut  |9 1125501 
245 1 0 |a Kárne konanie podľa advokátskeho poriadku a právo na súdnu ochranu  |c Marek Benedik 
773 0 |t Bulletin slovenskej advokácie : prvý ročník konferencie 29. a 30. apríla 2010 Bratislava Devín  |g Č. 4 (2000), s. 63-78 
954 |a odborná, vedecká literatúra pôvodná (slovenská)  |2 lita 
958 |a OND 
958 |a EUIPO 
958 |a article20 
999 |c 1883113  |d 1885043